000 00552nam a2200181Ia 4500
008 090123s9999 xx 000 0 und d
082 _b40631
100 _aकुंटे जगन्नाथ
245 _aसाधनामस्त
250 _a1
260 _bप्राजक्त प्रकाशन
_c2006
300 _a253
600 _aकुंटे जगन्नाथ
630 _aसाधनामस्त
700 _aकुंटे जगन्नाथ
730 _aसाधनामस्त
942 _cBOOK
999 _c78704
_d78704